000 00698nam a2200253Ia 4500
003 OSt
005 20220926015121.0
006 a|||||r|||| 00| 0
007 ta
008 220923b |||||||| |||| 00| 0 eng d
037 _cGeneral Book
040 _aRTL
_cRTL
_beng
041 _2eng
_aeng
082 _aX:513, K9
100 _aMilton Shirley F
_9321631
245 0 _aWhat you should know about advertising copywriting
260 _aNew York
_bOceana Pub
_c1969
300 _a89p
_ccm.
490 _aBusiness Almanac Series. 16
500 _aAppendix: p 87
650 _aAdvertising
942 _hX:513, K9
_cGB
_2CC
999 _c630590
_d630590